000
00284nam a22000977a 4500
082
_a
823
_b
BLY/S
100
_a
BLYTON, ENID
245
_a
THE SECRET SEVEN :GOOD WORK,SECRET SEVEN
246
_a
THE SECRET SEVEN :GOOD WORK,SECRET SEVEN
_b
THE SECRET SEVEN :GOOD WORK,SECRET SEVEN
942
_c
BK
999
_c
8472
_d
8472